|
|
|
แสดงรายละเอียดบรรณานุกรม |
|
|
Brief Record
: Get Marc (ISO 2709)
: E-mail record
: |
|
|
| LEADER 01174nam 2200277 a 4500 | |||
| 001 8224 | |||
| 003 ULIBM | |||
| 008 030417s2004 caua sb 001 0 eng | |||
| 020 ^a9748790711 | |||
| 082 ^a 923.2593 ^b ณ-ช | |||
| 100 ^aณรงค์ พกเกษม | |||
| 245 ^aชวน หลีกภัย นายกรัฐมนตรีที่มาจากเด็กวัด/^cณรงค์ พกเกษม | |||
| 250 ^aพิมพ์ครั้งที่1 | |||
| 260 ^aกรุงเทพฯ:^bKnowledge Center,^c2544 | |||
| 300 ^a 180 หน้า 145 บาท | |||
| 500 ^aชวน หลีกภัย, 2481- | |||
| 913 ^aImported by ULIBM Administrator | |||
| 949 ^aImport form external file by ULIBM system | |||
| คุณยังไม่ได้ล็อกอิน คุณสามารถมีกิจกรรมร่วมกับเว็บไซต์ได้ แต่ต้องล็อกอินก่อน :: |
|
| สถานะ | |||||||||
| 1. | หนังสือ | 923.2593 ณ-ช 2004 Barcode: 073090 | ►หนังสือทั่วไป | On Shelf ขอยืม | |||||
| 2. | หนังสือ | 923.2593 ณ-ช 2004 Barcode: 073091 | ►หนังสือทั่วไป | On Shelf ขอยืม | |||||
| [แสดง 2/2 รายการ] | |||||||||

BibComment |
| คอมเมนท์ทรัพยากรรายการนี้ |
|
|
ห้องสมุดโรงเรียนสามัคคีวิทยาคม
159 ถ.บรรพปราการ ต.เวียง อ.เมือง จ.เชียงราย 57000
โทร. 053-711018 โทรสาร 053-713003